[Event "EU-ch Hybrid U12 Girls"]
[Site "Tornelo INT"]
[Date "2021.10.15"]
[Round "1"]
[White "Dolinskaya, Mariia"]
[Black "Bizheva, Stefani"]
[Result "1-0"]
[WhiteElo "1536"]
[BlackElo "1274"]
[PlyCount "29"]
[EventDate "2021.10.15"]
[EventType "swiss"]
[EventRounds "9"]
[EventCountry "NET"]
[SourceTitle "EXT 2023"]
[Source "ChessBase"]
[SourceDate "2022.10.05"]
[SourceVersion "1"]
[SourceVersionDate "2022.10.05"]
[SourceQuality "1"]
[WhiteTeam "Russia"]
[BlackTeam "Bulgaria"]
[WhiteTeamCountry "RUS"]
[BlackTeamCountry "BUL"]

1. e4 g6 2. d4 c6 3. Nf3 d5 4. e5 h5 5. Bd3 Nh6 6. c3 Bf5 7. Nh4 Bxd3 8. Qxd3 Na6 9. e6 Bg7 10. Nxg6 Rg8 11. Bxh6 Bxh6 12. exf7+ Kxf7 13. Ne5+ Kg7 14. Qg6+ Kf8 15. Qf7# 1-0

[Event "EU-ch Hybrid U12 Girls"]
[Site "Tornelo INT"]
[Date "2021.10.15"]
[Round "2"]
[White "Khafizova, Diana"]
[Black "Dolinskaya, Mariia"]
[Result "0-1"]
[WhiteElo "1309"]
[BlackElo "1536"]
[PlyCount "172"]
[EventDate "2021.10.15"]
[EventType "swiss"]
[EventRounds "9"]
[EventCountry "NET"]
[SourceTitle "EXT 2023"]
[Source "ChessBase"]
[SourceDate "2022.10.05"]
[SourceVersion "1"]
[SourceVersionDate "2022.10.05"]
[SourceQuality "1"]
[WhiteTeam "Russia"]
[BlackTeam "Russia"]
[WhiteTeamCountry "RUS"]
[BlackTeamCountry "RUS"]

1. d4 d5 2. Bf4 Nf6 3. Nf3 c5 4. e3 Nc6 5. c3 Qb6 6. Qb3 c4 7. Qxb6 axb6 8. Be2 b5 9. Na3 b4 10. Nb5 Ra5 11. a4 bxa3 12. Nxa3 Bf5 13. Nh4 Bg6 14. Nxg6 hxg6 15. 0-0 Kd7 16. Bf3 e6 17. Nxc4 Rb5 18. Ne5+ Nxe5 19. Bxe5 Rxb2 20. Rfb1 Ba3 21. h3 Rc8 22. Rxb2 Bxb2 23. Rb1 Bxc3 24. Rxb7+ Ke8 25. Bd6 Rc6 26. Rb8+ Kd7 27. Bc5 Rc8 28. Rb5 Ne8 29. Be2 Nd6 30. Rb6 Nc4 31. Ra6 Rc7 32. Bxc4 dxc4 33. Ra4 e5 34. Rxc4 exd4 35. exd4 Bb2 36. Ra4 Ke6 37. Kf1 Kd5 38. Ke2 Bc3 39. Kd3 Be1 40. Ra6 Rd7 41. Ke2 Bc3 42. Ra3 Kc4 43. Ra4+ Kd5 44. Ra3 Kc4 45. Ra4+ Kd5 46. Kd3 Be1 47. Ra2 Rb7 48. Re2 Ba5 49. Re5+ Kc6 50. Kc4 Bd8 51. d5+ Kd7 52. Re3 Rb2 53. Rb3 Rc2+ 54. Rc3 Ra2 55. Rf3 Bf6 56. Ra3 Rc2+ 57. Kb5 Rxc5+ 58. Kxc5 Be7+ 59. Kd4 Bxa3 60. f4 Bd6 61. Ke4 f5+ 62. Kf3 Bc7 63. g4 Kd6 64. h4 Kxd5 65. gxf5 gxf5 66. Ke3 g6 67. Kf3 Kd4 68. Kg3 Ke4 69. h5 Bxf4+ 70. Kh4 gxh5 71. Kxh5 Bb8 72. Kh4 f4 73. Kh3 Ke3 74. Kg2 Ke2 75. Kh3 f3 76. Kg4 f2 77. Kf5 f1Q+ 78. Ke6 Qf4 79. Kd5 Qe5+ 80. Kc4 Qd6 81. Kc3 Qd3+ 82. Kb4 Bd6+ 83. Ka5 Qb3 84. Ka6 Bc7 85. Ka7 Qb6+ 86. Ka8 Qb8# 0-1

[Event "EU-ch Hybrid U12 Girls"]
[Site "Tornelo INT"]
[Date "2021.10.15"]
[Round "7"]
[White "Sordia, Marta"]
[Black "Dolinskaya, Mariia"]
[Result "1/2-1/2"]
[WhiteElo "1278"]
[BlackElo "1536"]
[PlyCount "77"]
[EventDate "2021.10.15"]
[EventType "swiss"]
[EventRounds "9"]
[EventCountry "NET"]
[SourceTitle "EXT 2023"]
[Source "ChessBase"]
[SourceDate "2022.10.05"]
[SourceVersion "1"]
[SourceVersionDate "2022.10.05"]
[SourceQuality "1"]
[WhiteTeam "Georgia"]
[BlackTeam "Russia"]
[WhiteTeamCountry "GEO"]
[BlackTeamCountry "RUS"]

1. e4 c5 2. Nc3 Nc6 3. f4 g6 4. Nf3 Bg7 5. Bb5 d6 6. Bxc6+ bxc6 7. 0-0 Bg4 8. h3 Bxf3 9. Qxf3 Qc7 10. d3 e6 11. f5 e5 12. Be3 Nf6 13. Qf2 h6 14. fxg6 fxg6 15. Qd2 h5 16. Rf3 0-0 17. Raf1 Rab8 18. Qc1 Qe7 19. Bg5 Qe6 20. b3 Rb7 21. Bh6 Nh7 22. Rxf8+ Nxf8 23. Be3 Qe8 24. Qe1 Ne6 25. Rf2 g5 26. Rf5 Qg6 27. h4 g4 28. g3 Bh6 29. Qf2 Bxe3 30. Qxe3 Nd4 31. Rf2 Nf3+ 32. Kg2 Kg7 33. Qe2 Qh6 34. Qd1 Nd4 35. Ne2 Nf3 36. Ng1 Nd4 37. Ne2 Nf3 38. Ng1 Nd4 39. Ne2 1/2-1/2

[Event "RUS-chT U11 Girls"]
[Site "Sochi"]
[Date "2019.05.07"]
[Round "7.2"]
[White "Niyazova, Violetta"]
[Black "Dolinskaya, Mariia"]
[Result "0-1"]
[WhiteElo "1018"]
[BlackElo "1438"]
[PlyCount "104"]
[EventDate "2019.05.10"]
[EventType "team-tourn"]
[EventRounds "9"]
[EventCountry "RUS"]
[SourceTitle "EXT 2022"]
[Source "ChessBase"]
[SourceDate "2021.10.06"]
[SourceVersion "1"]
[SourceVersionDate "2021.10.06"]
[SourceQuality "1"]

1. d4 d5 2. c4 e6 3. Nf3 Nf6 4. g3 Be7 5. Bg2 0-0 6. 0-0 dxc4 7. Qc2 a6 8. a4 Bd7 9. Ne5 Bc6 10. Nxc6 Nxc6 11. Bxc6 bxc6 12. Qxc4 Qd5 13. Qxd5 cxd5 14. Bf4 Rfc8 15. Nd2 c5 16. dxc5 Rxc5 17. Rfc1 Rac8 18. Nb3 Rxc1+ 19. Rxc1 Rxc1+ 20. Nxc1 Nd7 21. Nd3 Nb6 22. b3 Nd7 23. Be3 Kf8 24. Kf1 Ke8 25. Ke1 e5 26. Kd1 Kd8 27. Kc2 Kc7 28. Bd2 Kb6 29. Bb4 Bxb4 30. Nxb4 d4 31. Nd3 a5 32. Nb2 Kc5 33. Nd3+ Kd5 34. Nb2 Nb6 35. Nd3 g5 36. f3 f6 37. g4 h6 38. h3 Nd7 39. Ne1 Nf8 40. Ng2 Ng6 41. Kd3 Nf8 42. Kc2 Ne6 43. e3 Kc5 44. e4 Kb4 45. h4 Nf4 46. Nxf4 gxf4 47. Kb2 d3 48. Kc1 Kxb3 49. Kd2 Kxa4 50. Kxd3 Kb3 51. Kd2 Kb2 52. Kd3 a4 0-1